000 00497nam a22001937a 4500
999 _c6713
_d6713
003 OSt
005 20200305160252.0
008 200305b ||||| |||| 00| 0 eng d
020 _a9780340941706
040 _cDNLM
082 _aWO18 C113j 2008
100 _aGossage, James A. [et....al].
_910931
245 _a100 Cases in Surgery
260 _aUK;
_bHodder Arnold,
_c2008
300 _ax,230p;
_bIll:
_c24cm
504 _aIndex included
650 _aSurgery MCQs
_913790
942 _2z
_cO_SHELF